[Event "Bitlis Betav op 1st"]
[Site "Bitlis"]
[Date "2024.09.07"]
[Round "9"]
[White "Amini, Amer"]
[Black "Demirtas, Hafize"]
[Result "1-0"]
[WhiteElo "2117"]
[BlackElo "1898"]
[PlyCount "69"]
[EventDate "2024.09.02"]
[EventType "swiss"]
[EventRounds "9"]
[EventCountry "TUR"]
[SourceTitle "EXT 2025"]
[Source "ChessBase"]
[SourceDate "2024.10.14"]
[SourceVersion "1"]
[SourceVersionDate "2024.10.14"]
[SourceQuality "1"]

1. b3 d5 2. Bb2 Bg4 3. g3 c5 4. Bg2 Nc6 5. Nf3 Qc7 6. 0-0 e5 7. d3 Nf6 8. Nbd2 Be7 9. e4 dxe4 10. dxe4 Rd8 11. Qe1 b5 12. a4 a6 13. axb5 axb5 14. Qe2 Rb8 15. h3 Bh5 16. g4 Bg6 17. Ra6 Nd7 18. Rxc6 Qxc6 19. Nxe5 Nxe5 20. Bxe5 Rd8 21. Bxg7 Rg8 22. e5 Qb6 23. Bf6 Bxc2 24. Rc1 Bxb3 25. Nxb3 c4 26. Nd2 Kf8 27. Bxe7+ Kxe7 28. Ne4 Rd3 29. Nd6 Kf8 30. Qe4 Kg7 31. Qf4 Rf8 32. Qg5+ Kh8 33. Qh6 Qd8 34. Be4 f5 35. Bxd3 1-0

[Event "Bitlis Betav op 1st"]
[Site "Bitlis"]
[Date "2024.09.06"]
[Round "8"]
[White "Demirtas, Hafize"]
[Black "Topuz, Mirac Melih"]
[Result "1/2-1/2"]
[WhiteElo "1898"]
[BlackElo "2225"]
[PlyCount "100"]
[EventDate "2024.09.02"]
[EventType "swiss"]
[EventRounds "9"]
[EventCountry "TUR"]
[SourceTitle "EXT 2025"]
[Source "ChessBase"]
[SourceDate "2024.10.14"]
[SourceVersion "1"]
[SourceVersionDate "2024.10.14"]
[SourceQuality "1"]

1. e4 e5 2. Nf3 Nc6 3. Bb5 f5 4. d3 fxe4 5. Bxc6 dxc6 6. dxe4 Qxd1+ 7. Kxd1 Bg4 8. h3 Bxf3+ 9. gxf3 Nf6 10. Rg1 g6 11. Bg5 Nh5 12. Be3 Bd6 13. Nd2 Ng7 14. Nc4 Ne6 15. h4 Rg8 16. c3 a5 17. a4 Ke7 18. Ke2 Ng7 19. Rgb1 Ke6 20. Bh6 Nh5 21. Rg1 Ra6 22. Rg4 Nf6 23. Rgg1 Rga8 24. f4 exf4 25. e5 Bxe5 26. Kf3 Bd6 27. Rae1+ Kf7 28. Bxf4 Bxf4 29. Kxf4 Rd8 30. Rg5 Rd5 31. Rge5 Rxe5 32. Rxe5 Nd5+ 33. Kg5 Ra8 34. Kh6 Nf6 35. Rxa5 Re8 36. f3 Re2 37. Ne5+ Ke6 38. Ng4 Rxb2 39. Kg7 Nxg4 40. fxg4 Rh2 41. h5 gxh5 42. gxh5 b5 43. h6 Rc2 44. axb5 cxb5 45. Ra6+ Kd5 46. Ra3 Kc4 47. Kxh7 c5 48. Kg7 Rg2+ 49. Kf6 Rh2 50. Kg7 Rg2+ 1/2-1/2

[Event "Bitlis Betav op 1st"]
[Site "Bitlis"]
[Date "2024.09.05"]
[Round "6"]
[White "Demirtas, Hafize"]
[Black "Aysoy, Veysi"]
[Result "1-0"]
[WhiteElo "1898"]
[BlackElo "1849"]
[PlyCount "59"]
[EventDate "2024.09.02"]
[EventType "swiss"]
[EventRounds "9"]
[EventCountry "TUR"]
[SourceTitle "EXT 2025"]
[Source "ChessBase"]
[SourceDate "2024.10.14"]
[SourceVersion "1"]
[SourceVersionDate "2024.10.14"]
[SourceQuality "1"]

1. e4 d5 2. exd5 Nf6 3. d4 Nxd5 4. h3 g6 5. Nf3 Bg7 6. c4 Nb6 7. Nc3 0-0 8. Be2 Nc6 9. Be3 e5 10. d5 Ne7 11. g4 f5 12. Qd2 fxg4 13. hxg4 Rxf3 14. Bxf3 Nxc4 15. Qe2 Nxe3 16. Qxe3 Qd6 17. 0-0-0 Bd7 18. Ne4 Qa6 19. Kb1 Qb6 20. Qg5 Re8 21. d6 cxd6 22. Nf6+ Bxf6 23. Qxf6 d5 24. Qxe5 Qe6 25. Qd4 Qf7 26. Bg2 Qg7 27. Qxa7 Bxg4 28. Rde1 Rf8 29. Qxb7 Rxf2 30. Rxe7 1-0

[Event "TUR-ch (Women)"]
[Site "Gaziantep"]
[Date "2024.03.05"]
[Round "4"]
[White "Gokbulut, Julia"]
[Black "Demirtas, Hafize"]
[Result "1/2-1/2"]
[WhiteElo "1923"]
[BlackElo "1883"]
[PlyCount "101"]
[EventDate "2024.03.03"]
[EventType "swiss"]
[EventRounds "9"]
[EventCountry "TUR"]
[SourceTitle "CBM 219 Extra"]
[Source "ChessBase"]
[SourceDate "2024.05.31"]
[SourceVersion "1"]
[SourceVersionDate "2024.05.31"]
[SourceQuality "1"]

1. d4 d5 2. c4 e6 3. Nc3 Be7 4. cxd5 exd5 5. Nf3 Nf6 6. Bg5 a5 7. e3 0-0 8. Bd3 c6 9. h3 Nbd7 10. Qc2 Re8 11. Bf4 Nf8 12. 0-0 g6 13. Rad1 Ne6 14. Bh2 Ng7 15. Ne5 Nf5 16. Rfe1 Bf8 17. Na4 Bb4 18. Re2 Nh4 19. Nc5 Nh5 20. f4 Bxc5 21. Qxc5 f6 22. Ng4 Kg7 23. Rde1 Bd7 24. Nf2 b6 25. Qc3 f5 26. Bc2 g5 27. Nh1 h6 28. Ng3 Nf6 29. fxg5 hxg5 30. Rf1 Qc8 31. Ref2 Ne4 32. Nxe4 dxe4 33. d5+ Kg6 34. d6 b5 35. Be5 b4 36. Qc5 Kh6 37. Bd4 Qd8 38. Bb3 a4 39. Bf7 Rf8 40. Qc4 Rc8 41. Be6 c5 42. Be5 Qe8 43. Bxd7 Qxd7 44. a3 Ng6 45. Bg3 b3 46. Qd5 Ne7 47. Qd2 Ng6 48. Qd5 Ne7 49. Qd2 Ng6 50. Qd5 Ne7 51. Qd2 1/2-1/2

[Event "TUR-ch (Women)"]
[Site "Izmir"]
[Date "2023.10.22"]
[Round "9"]
[White "Demirtas, Hafize"]
[Black "Tirpan, Ceren"]
[Result "0-1"]
[WhiteElo "1802"]
[BlackElo "1897"]
[PlyCount "120"]
[EventDate "2023.10.16"]
[EventType "tourn"]
[EventRounds "9"]
[EventCountry "TUR"]
[SourceTitle "CBM 216 Extra"]
[Source "ChessBase"]
[SourceDate "2023.11.30"]
[SourceVersion "1"]
[SourceVersionDate "2023.11.30"]
[SourceQuality "1"]

1. e4 c5 2. Nf3 e6 3. c3 Nf6 4. e5 Nd5 5. d4 cxd4 6. cxd4 Nc6 7. Nc3 Bb4 8. Bd2 0-0 9. Nxd5 exd5 10. Bd3 d6 11. h3 Bxd2+ 12. Qxd2 dxe5 13. dxe5 Qe7 14. 0-0 Nxe5 15. Nxe5 Qxe5 16. Rfe1 Qf6 17. Rac1 Bd7 18. Rc7 Bc6 19. Rce7 Rad8 20. Qc2 g6 21. b4 Rde8 22. Rxe8 Bxe8 23. b5 Qb6 24. a4 Bd7 25. Qb2 Be6 26. Qb4 Rc8 27. Qe7 Qc7 28. Rxe6 fxe6 29. Qxe6+ Kg7 30. Qxd5 Rd8 31. Qe4 Rf8 32. g3 Qc5 33. Qe2 Qd4 34. Bc4 Rf5 35. Bb3 Re5 36. Qf3 Re1+ 37. Kh2 Qf6 38. Qxf6+ Kxf6 39. b6 axb6 40. Bc4 Rc1 41. Bb5 Rc2 42. Kg2 Ke5 43. Kf3 Rc3+ 44. Kg4 Ke4 45. Be8 Rf3 46. h4 Rxf2 47. h5 gxh5+ 48. Kxh5 Kf3 49. g4 Kf4 50. Kh6 Kxg4 51. Kxh7 Kf5 52. Kg7 Ke5 53. Kg6 Kd5 54. Kg5 Kc5 55. Kg4 Kb4 56. Kg3 Ra2 57. Kf3 Rxa4 58. Ke2 Ra8 59. Bf7 Rd8 60. Bg6 Kc3 0-1

[Event "TUR-ch (Women)"]
[Site "Izmir"]
[Date "2023.10.18"]
[Round "4"]
[White "Alagoz, Zumra Meryem"]
[Black "Demirtas, Hafize"]
[Result "0-1"]
[WhiteElo "1684"]
[BlackElo "1802"]
[PlyCount "160"]
[EventDate "2023.10.16"]
[EventType "tourn"]
[EventRounds "9"]
[EventCountry "TUR"]
[SourceTitle "CBM 216 Extra"]
[Source "ChessBase"]
[SourceDate "2023.11.30"]
[SourceVersion "1"]
[SourceVersionDate "2023.11.30"]
[SourceQuality "1"]

1. e4 c5 2. c3 Nf6 3. e5 Nd5 4. d4 cxd4 5. cxd4 d6 6. Nf3 Nc6 7. Bc4 dxe5 8. Nxe5 e6 9. 0-0 Be7 10. Re1 0-0 11. Nc3 Nxe5 12. Rxe5 Bf6 13. Re4 Ne7 14. Bf4 a6 15. Be5 Bxe5 16. dxe5 b5 17. Bd3 Ng6 18. Re3 Qg5 19. Qf3 Rb8 20. Qh3 Bb7 21. Rae1 Rfd8 22. Ne2 Rd7 23. f4 Qd8 24. f5 exf5 25. Qxf5 Qb6 26. Qf2 Re8 27. Nc1 Nf8 28. Qf5 Re6 29. Kh1 Qd4 30. Nb3 Qxb2 31. Qf1 Rc7 32. R1e2 Qa3 33. Nd4 Rc1 34. Re1 Rxe1 35. Qxe1 Qb2 36. Nc2 g6 37. Re2 Nd7 38. Ne3 Qxe5 39. h3 Qd4 40. Bc2 Nf6 41. Qg3 Qd8 42. Bb3 Ne4 43. Qe1 Re8 44. Ng4 Ng3+ 45. Qxg3 Rxe2 46. Nh6+ Kf8 47. Nxf7 Rxg2 48. Nxd8 Rxg3+ 49. Nxb7 Rxh3+ 50. Kg2 Rc3 51. Nd6 Kg7 52. Ne4 Re3 53. Ng5 a5 54. Ne6+ Kf6 55. Nd4 a4 56. Bc2 Ra3 57. Bb1 Rc3 58. Nxb5 Rc1 59. Bd3 Ke5 60. Kf3 Rh1 61. Bc2 Rh2 62. Bxa4 Rxa2 63. Bd1 Rd2 64. Be2 h5 65. Ke3 Ra2 66. Nd4 Ra3+ 67. Bd3 g5 68. Nf3+ Kf6 69. Ne1 Ra1 70. Nf3 g4 71. Nd2 Kg5 72. Be2 Ra3+ 73. Kf2 Kf4 74. Nf1 h4 75. Kg1 h3 76. Bc4 Ra1 77. Kf2 Rc1 78. Be6 h2 79. Bd5 Rc2+ 80. Ke1 g3 0-1

[Event "TUR-ch (Women)"]
[Site "Izmir"]
[Date "2023.10.16"]
[Round "1"]
[White "Demirtas, Hafize"]
[Black "Ozdemir, Cemre"]
[Result "1-0"]
[WhiteElo "1802"]
[BlackElo "1362"]
[PlyCount "109"]
[EventDate "2023.10.16"]
[EventType "tourn"]
[EventRounds "9"]
[EventCountry "TUR"]
[SourceTitle "CBM 216 Extra"]
[Source "ChessBase"]
[SourceDate "2023.11.30"]
[SourceVersion "1"]
[SourceVersionDate "2023.11.30"]
[SourceQuality "1"]

1. e4 c5 2. Nf3 d6 3. Bb5+ Bd7 4. Bxd7+ Qxd7 5. 0-0 g6 6. Qe2 Bg7 7. c3 Nc6 8. Rd1 Nf6 9. d4 cxd4 10. cxd4 Rd8 11. Nc3 Qc7 12. Bf4 0-0 13. Rac1 Qb8 14. h3 Rfe8 15. d5 Ne5 16. Nxe5 dxe5 17. Bg5 a6 18. a4 Qd6 19. Na2 Rc8 20. b4 Rc7 21. Rxc7 Qxc7 22. Rc1 Qd6 23. Rc4 Nd7 24. a5 e6 25. dxe6 Qxe6 26. Rc7 Rb8 27. Qc2 Qe8 28. Be3 b5 29. axb6 Nxb6 30. Bxb6 Rxb6 31. Rc8 Qxc8 32. Qxc8+ Bf8 33. Kf1 Kg7 34. Qc7 Re6 35. Ke2 Bd6 36. Qb7 Bf8 37. Kd3 Rd6+ 38. Kc2 Rf6 39. f3 Re6 40. Nc3 Rd6 41. g4 Rf6 42. Nd5 Rxf3 43. Qxa6 Rf2+ 44. Kb3 Rf3+ 45. Kc4 Rxh3 46. Qf6+ Kg8 47. Ne7+ Bxe7 48. Qxe7 Rh1 49. b5 Rc1+ 50. Kd5 Rd1+ 51. Kc6 Rc1+ 52. Kb7 Rb1 53. Qxe5 Rxb5+ 54. Qxb5 h6 55. Kc7 1-0

[Event "TUR-chT 1st League"]
[Site "Konya"]
[Date "2022.08.25"]
[Round "6.4"]
[White "Mammadova, Narmin Fazahir Qizi"]
[Black "Demirtas, Hafize"]
[Result "1-0"]
[WhiteElo "2245"]
[BlackElo "1701"]
[PlyCount "107"]
[EventDate "2022.08.22"]
[EventType "team-swiss"]
[EventRounds "9"]
[EventCountry "TUR"]
[SourceTitle "CBM 209 Extra"]
[Source "ChessBase"]
[SourceDate "2022.09.30"]
[SourceVersion "1"]
[SourceVersionDate "2022.09.30"]
[SourceQuality "1"]
[WhiteTeam "Genc Akademisyenler"]
[BlackTeam "Samandag Altin"]
[WhiteTeamCountry "TUR"]
[BlackTeamCountry "TUR"]

1. d4 d5 2. Nf3 e6 3. c4 Nf6 4. Nc3 Be7 5. Bf4 0-0 6. e3 c5 7. dxc5 Bxc5 8. a3 dxc4 9. Bxc4 Qxd1+ 10. Rxd1 a6 11. Ne5 b5 12. Ba2 Nh5 13. 0-0 Nxf4 14. exf4 g6 15. Rfe1 Kg7 16. Ne4 Be7 17. Nd6 Bxd6 18. Rxd6 Ra7 19. Rc1 Nd7 20. Nd3 Nf6 21. Nc5 Nd7 22. Nd3 Nf6 23. Ne5 Nd7 24. Kf1 Kf6 25. Nf3 a5 26. Ng5 Ke7 27. Rdc6 Ba6 28. Ke1 b4 29. a4 Raa8 30. Kd2 Rfd8 31. Ke3 h6 32. Nf3 Ke8 33. Bc4 Nf6 34. Ne5 Nd5+ 35. Kf3 Bxc4 36. R1xc4 b3 37. g3 Kf8 38. R4c5 Kg7 39. Rb5 Ra7 40. Rxb3 Nb4 41. Rc5 Rd1 42. Nc4 Ra1 43. Na3 Ra6 44. Kg2 Re1 45. Rc7 Nd5 46. Rcb7 Rc6 47. Ra7 g5 48. fxg5 hxg5 49. h3 Rcc1 50. Rbb7 Kf6 51. Rxf7+ Ke5 52. Kf3 Re4 53. Rxa5 Rb4 54. Nb5 1-0

[Event "TUR-ch (Women)"]
[Site "Ayvalik"]
[Date "2022.03.09"]
[Round "7"]
[White "Demirtas, Hafize"]
[Black "Tanir, Simay"]
[Result "1-0"]
[WhiteElo "1795"]
[BlackElo "1458"]
[PlyCount "99"]
[EventDate "2022.03.05"]
[EventType "swiss"]
[EventRounds "9"]
[EventCountry "TUR"]
[SourceTitle "EXT 2023"]
[Source "ChessBase"]
[SourceDate "2022.10.05"]
[SourceVersion "1"]
[SourceVersionDate "2022.10.05"]
[SourceQuality "1"]

1. e4 e5 2. Nf3 Nc6 3. Bb5 a6 4. Ba4 Nf6 5. 0-0 Be7 6. Re1 b5 7. Bb3 d6 8. c3 0-0 9. h3 Nb8 10. d4 Nbd7 11. Nbd2 Bb7 12. Bc2 Re8 13. Nf1 Bf8 14. Ng3 g6 15. a4 c5 16. Bg5 h6 17. Be3 exd4 18. cxd4 Nxe4 19. Nxe4 Bxe4 20. Bxe4 Rxe4 21. axb5 axb5 22. Qd3 Nf6 23. Rxa8 Qxa8 24. Qxb5 cxd4 25. Bxd4 Rxe1+ 26. Nxe1 Bg7 27. Nf3 Ne4 28. Qb6 Qa1+ 29. Kh2 Qc1 30. Bxg7 Kxg7 31. Qd4+ Nf6 32. b4 Qc6 33. Qb2 d5 34. Kg1 Kg8 35. b5 Qb6 36. Nd4 Ne4 37. Kf1 Nd6 38. Ke2 Nc4 39. Qa1 Kh7 40. Qc3 Qf6 41. Qd3 Qe7+ 42. Kf1 Qb4 43. g3 Nb2 44. Qe3 Nd1 45. Qf4 Nc3 46. Qxf7+ Kh8 47. Ne6 Qb1+ 48. Kg2 Qe4+ 49. Kh2 Qe5 50. Qe8+ 1-0

[Event "TUR-ch (Women)"]
[Site "Ayvalik"]
[Date "2022.03.09"]
[Round "6"]
[White "Kucuk, Aybike"]
[Black "Demirtas, Hafize"]
[Result "1/2-1/2"]
[WhiteElo "1476"]
[BlackElo "1795"]
[PlyCount "125"]
[EventDate "2022.03.05"]
[EventType "swiss"]
[EventRounds "9"]
[EventCountry "TUR"]
[SourceTitle "EXT 2023"]
[Source "ChessBase"]
[SourceDate "2022.10.05"]
[SourceVersion "1"]
[SourceVersionDate "2022.10.05"]
[SourceQuality "1"]

1. c4 Nf6 2. Nc3 e6 3. e4 d5 4. e5 Ne4 5. Nxe4 dxe4 6. Qg4 Nc6 7. Qxe4 Bc5 8. Nf3 f6 9. Be2 fxe5 10. 0-0 Bd4 11. d3 Qd6 12. Ng5 Ne7 13. Nxh7 g6 14. Nf6+ Kd8 15. Bg5 Bd7 16. Nxd7 Kxd7 17. Rab1 a5 18. a3 Raf8 19. b4 a4 20. c5 Qd5 21. Bxe7 Kxe7 22. Bf3 Qd8 23. h3 c6 24. Qg4 Rf6 25. b5 Bxc5 26. bxc6 b6 27. Qxa4 Rxf3 28. gxf3 Bd4 29. Kg2 Kf7 30. Rh1 Qg5+ 31. Kf1 Qd2 32. Rh2 Qxd3+ 33. Kg2 Qxb1 34. c7 Ke7 35. Qa7 Kf6 36. Qb8 Rxb8 37. cxb8Q Kg7 38. Qd8 Bc5 39. Qd7+ Kh6 40. Qd2+ Kg7 41. h4 e4 42. fxe4 Qxe4+ 43. f3 Qe5 44. Qd7+ Kh6 45. Qd2+ Be3 46. Qb4 Bc5 47. Qd2+ Kg7 48. Qd7+ Kg8 49. Qd8+ Kf7 50. Qd7+ Be7 51. Rh1 Qb2+ 52. Kg3 Qf6 53. Qc7 Qb2 54. h5 g5 55. h6 Kg6 56. Qxe7 Qe5+ 57. Kf2 Qd4+ 58. Ke2 Qc4+ 59. Kd2 Qd4+ 60. Ke2 Qe5+ 61. Kd1 Qd4+ 62. Ke1 Qe3+ 63. Kd1 1/2-1/2

[Event "TUR Cup"]
[Site "Ankara"]
[Date "2021.12.08"]
[Round "1"]
[White "Demirtas, Hafize"]
[Black "Isik, Elif Beyza"]
[Result "1-0"]
[WhiteElo "1795"]
[BlackElo "1210"]
[PlyCount "131"]
[EventDate "2021.12.08"]
[EventType "swiss"]
[EventRounds "9"]
[EventCountry "TUR"]
[SourceTitle "CBM 205 Extra"]
[Source "ChessBase"]
[SourceDate "2022.01.31"]
[SourceVersion "1"]
[SourceVersionDate "2022.01.31"]
[SourceQuality "1"]

1. e4 e5 2. Nf3 Nc6 3. Bb5 d6 4. c3 Nf6 5. 0-0 Bd7 6. Re1 a6 7. Ba4 Be7 8. d4 0-0 9. h3 h6 10. Nbd2 Re8 11. Nf1 Na7 12. Bb3 Bf8 13. Ng3 Nc8 14. Nh4 Ne7 15. Nh5 Nh7 16. Qf3 Be6 17. Bxe6 fxe6 18. Qg4 Ng5 19. Bxg5 hxg5 20. Qxe6+ Kh7 21. Qf7 Kh8 22. Nf3 Ng8 23. dxe5 dxe5 24. Rad1 Qe7 25. Qxe7 Rxe7 26. Nxg5 Nh6 27. Rd3 Nf7 28. Nf3 Rd8 29. Red1 Rxd3 30. Rxd3 g6 31. Nf6 Bg7 32. Ng4 Nd6 33. Ng5 Kg8 34. c4 Re8 35. c5 Nf7 36. Nf3 Re6 37. b4 b5 38. Ne3 c6 39. Rd7 Kf8 40. Ra7 Nd8 41. Rxa6 Re7 42. Ra8 Re8 43. Ng4 Nf7 44. Ra6 Re6 45. a4 bxa4 46. b5 Nd8 47. b6 Re7 48. Ra8 Re8 49. Rxa4 Re7 50. Ra8 Ke8 51. Ngxe5 Bxe5 52. Nxe5 Rb7 53. Nxc6 Rd7 54. Nxd8 Rxd8 55. b7 Rxa8 56. bxa8Q+ Ke7 57. Qd5 Kf6 58. f4 Kg7 59. Qe6 Kh6 60. g3 Kh7 61. c6 Kh6 62. f5 Kh7 63. Qxg6+ Kh8 64. Qe8+ Kh7 65. c7 Kh6 66. Qg6# 1-0

[Event "TUR-ch (Women)"]
[Site "Corum"]
[Date "2021.06.18"]
[Round "6"]
[White "Kargaci, Humeyra"]
[Black "Demirtas, Hafize"]
[Result "1-0"]
[WhiteElo "1747"]
[BlackElo "1783"]
[PlyCount "201"]
[EventDate "2021.06.13"]
[EventType "swiss"]
[EventRounds "7"]
[EventCountry "TUR"]
[SourceTitle "CBM 203 Extra"]
[Source "ChessBase"]
[SourceDate "2021.09.30"]
[SourceVersion "1"]
[SourceVersionDate "2021.09.30"]
[SourceQuality "1"]

1. c4 e6 2. g3 d5 3. Bg2 Nf6 4. Nf3 Be7 5. b3 d4 6. 0-0 c5 7. d3 Nc6 8. e4 dxe3 9. fxe3 e5 10. Bb2 Bg4 11. Qc2 Qd6 12. Qc3 0-0 13. Nxe5 Nxe5 14. Qxe5 Qxe5 15. Bxe5 Be2 16. Re1 Bxd3 17. Bxb7 Rad8 18. Na3 Ng4 19. Bc7 Rd7 20. Nb5 Bd8 21. Bc8 Rxc7 22. Nxc7 Ne5 23. Nd5 Re8 24. Red1 Be4 25. Bh3 Ba5 26. Bg2 Bc2 27. Rf1 Bd3 28. Rf4 Bd8 29. Rf2 Bg5 30. e4 Ng4 31. Rf5 f6 32. h3 Ne5 33. Rd1 Bc2 34. Re1 Kf7 35. Rf2 Bd3 36. Rd1 Rd8 37. Nf4 Rd4 38. Rfd2 Kg8 39. Kh2 Rd6 40. Rxd3 Nxd3 41. Nxd3 Be3 42. e5 Ra6 43. Bd5+ Kf8 44. a4 Rb6 45. Re1 Bd4 46. e6 Ke7 47. Rb1 a5 48. Kg2 Rb8 49. Kf3 Rb6 50. Ke2 Rb8 51. Kd2 Rb6 52. Kc2 Rb8 53. Ne1 g6 54. Nf3 Bf2 55. g4 Rh8 56. Rf1 Bg3 57. Nd2 Be5 58. Ne4 Bd4 59. Ng3 Be5 60. Rf3 Rb8 61. h4 Rh8 62. h5 Rg8 63. Kd3 Rg7 64. Ke4 Rg8 65. g5 Bd4 66. hxg6 hxg6 67. gxf6+ Bxf6 68. Kd3 Rb8 69. Kc2 Rh8 70. Ne4 Rh2+ 71. Kd3 Bh4 72. Rf7+ Kd8 73. e7+ Bxe7 74. Rg7 Rh3+ 75. Kc2 Rh2+ 76. Kd1 Rh1+ 77. Ke2 Rh2+ 78. Nf2 g5 79. Kf3 Rh6 80. Ne4 Rh3+ 81. Ng3 Bf6 82. Rg6 Ke7 83. Kg2 g4 84. Rxg4 Rh8 85. Nf5+ Kd7 86. Rg6 Be5 87. Rh6 Rf8 88. Rh7+ Kd8 89. Ne3 Bd4 90. Ng4 Rf4 91. Nh2 Rf2+ 92. Kh3 Rd2 93. Rb7 Be5 94. Nf3 Rd3 95. Kg4 Bc3 96. Kf5 Bb4 97. Ne5 Rxb3 98. Ke6 Rh3 99. Nf7+ Kc8 100. Nd6+ Kd8 101. Rd7# 1-0

[Event "TUR-ch (Women)"]
[Site "Corum"]
[Date "2021.06.16"]
[Round "4"]
[White "Demirtas, Hafize"]
[Black "Can, Isil"]
[Result "0-1"]
[WhiteElo "1783"]
[BlackElo "1889"]
[PlyCount "152"]
[EventDate "2021.06.13"]
[EventType "swiss"]
[EventRounds "7"]
[EventCountry "TUR"]
[SourceTitle "CBM 203 Extra"]
[Source "ChessBase"]
[SourceDate "2021.09.30"]
[SourceVersion "1"]
[SourceVersionDate "2021.09.30"]
[SourceQuality "1"]

1. e4 e5 2. Nf3 Nc6 3. Bb5 a6 4. Ba4 Nf6 5. 0-0 Be7 6. Re1 b5 7. Bb3 d6 8. c3 0-0 9. h3 Na5 10. Bc2 c5 11. d4 Qc7 12. d5 Ne8 13. b3 g6 14. Bh6 Ng7 15. Nbd2 f5 16. exf5 gxf5 17. Ng5 Bxg5 18. Bxg5 Qf7 19. b4 Nb7 20. Nf1 f4 21. Nh2 Nf5 22. Ng4 Qg7 23. Bxf5 Qxg5 24. Bxc8 Raxc8 25. a4 Rc7 26. axb5 axb5 27. Qd3 c4 28. Qf3 Rg7 29. Kh1 Kh8 30. Nh2 Rfg8 31. Rg1 Qf5 32. Rae1 Nd8 33. g4 Qf6 34. Qe4 Nf7 35. Nf3 Ng5 36. Nxg5 Rxg5 37. f3 Qh6 38. Re2 Qh4 39. Rh2 Ra8 40. Qe1 Qxe1 41. Rxe1 Rg7 42. h4 Ra3 43. Rc2 h6 44. Kh2 Kh7 45. h5 Rga7 46. Kh3 Kg7 47. Rg1 Kf6 48. Kh4 Ra1 49. Rcg2 Rxg1 50. Rxg1 Ra2 51. Kh3 Kg5 52. Rg2 Ra1 53. Rc2 Rg1 54. Kh2 Rd1 55. Kh3 Rxd5 56. Ra2 Rd3 57. Kg2 Rxc3 58. Ra7 Kh4 59. Rh7 Rc2+ 60. Kf1 Kg3 61. Rxh6 Kxf3 62. Ke1 Kxg4 63. Rxd6 Kxh5 64. Rd5 Kg4 65. Rxe5 Kf3 66. Rxb5 c3 67. Kd1 Rd2+ 68. Kc1 Rb2 69. Rb8 Kg2 70. b5 f3 71. Rg8+ Kf1 72. Rg3 Ke2 73. Rg7 Rxb5 74. Re7+ Kd3 75. Rd7+ Ke4 76. Kd1 Rd5+ 0-1